Subdivision capitals closest to Luxembourg - Statistics

General Stats
  • This quiz has been taken 13 times
  • The average score is 10 of 20
Answer Stats
Distance (km) Regional capital % Correct
14 187 Brussels
100%
15 217 Antwerp
91%
3 121 Liège
91%
2 76 Saarbrücken
82%
9 164 Strasbourg
82%
13 185 Düsseldorf
64%
19 246 Lille
64%
18 240 Stuttgart
64%
16 234 Ghent
55%
5 141 Maastricht
45%
7 160 Mainz
45%
1 24 Arlon
27%
20 252 Basel
27%
11 174 Leuven
27%
12 182 Mons
27%
4 131 Namur
27%
8 161 Wiesbaden
27%
6 157 Hasselt
9%
17 239 's-Hertogenbosch
9%
10 164 Wavre
0%
No matching quizzes found
Score Distribution
Percent of People with Each Score
Percentile by Number Answered
Your Score History
You have not taken this quiz